Environmentálne dane a obchody s emisiami ako nástroje ochrany životného prostredia

Dôvody uplatnenia environmentálnych daní. Obmedzenia environmentálnej dane. Filozofia obchodovania s emisnými právami. Prístupy k prideľovaniu emisných práv. Bezplatné odovzdanie. Funkčnosť trhu s emisnými právami. Výhody obchodných povolení.

Salvato in:
Dettagli Bibliografici
Autore principale: Romančíková, Eva
Altri autori: Borodovčák, Michal
Natura: Capitolo di libro
Lingua:slovacco
Soggetti:
Tags: Aggiungi Tag
Nessun Tag, puoi essere il primo ad aggiungerne!!

MARC

LEADER 00000naa$a2200000$$$4500
001 0058099
005 20240502071643.3
041 0 |a slo 
044 |a SK 
245 1 0 |a Environmentálne dane a obchody s emisiami ako nástroje ochrany životného prostredia  |c Eva Romančíková, Michal Borodovčák 
520 |a Dôvody uplatnenia environmentálnych daní. Obmedzenia environmentálnej dane. Filozofia obchodovania s emisnými právami. Prístupy k prideľovaniu emisných práv. Bezplatné odovzdanie. Funkčnosť trhu s emisnými právami. Výhody obchodných povolení. 
610 2 0 |a obchod 
610 2 0 |a emisie 
610 2 0 |a ochrana prostredia životného 
610 2 0 |a kvóty 
610 2 0 |a dane ekologické 
610 2 0 |a prostredie životné 
100 1 |a Romančíková, Eva 
700 1 |a Borodovčák, Michal